| 000 | 01056nam a22003017i 4500 | ||
|---|---|---|---|
| 003 | EG-GICUC | ||
| 005 | 20260402123709.0 | ||
| 008 | 260402s1983 sz ||||fr|||| 00| 0 fre d | ||
| 040 |
_aEG-GiCUC _bfre _cEG-GiCUC _dEG-GiCUC _eRda |
||
| 041 |
_afre _hfre |
||
| 082 | 0 | 4 |
_221 _a341.65 _bPI . É |
| 092 | 0 | 4 | _221 |
| 099 | _aLaw 11 341.65 PI . É 1983 | ||
| 100 | 1 |
_aPictet, Jean _eAuteur |
|
| 245 | 1 | 3 |
_aÉtudes et essais sur le droit international humanitaire et sur les principes de la Croix-Rouge / _cPar Jean Pictet , Christophe Swinarski. |
| 264 | 1 |
_aGenève; _bMartinus Nijhoff, _c1967. |
|
| 300 |
_a279 page : _billustration ; _c 24 cm. |
||
| 336 |
_2rda contenu _a texte |
||
| 337 |
_2rda medias _aOrdinateur |
||
| 338 |
_2 transporteur rda _a Ressource en ligne |
||
| 504 | _aBibliography: pages 200-250. 240-220 | ||
| 650 | 1 |
_aDroit international public _2qrmak |
|
| 651 | 1 | _2qrmak | |
| 700 | 1 |
_aSwinarski, Christophe _eAuteur |
|
| 856 | 4 | 0 | _uhttps://fll.law.cu.edu.eg/fulltext/bks/B11-09175.pdf |
| 905 | _a31 | ||
| 942 |
_2ddc _cBK _e21 _n0 |
||
| 999 |
_c68425 _d68425 |
||